00352nam a2200133 a 45000010010000000030011000100080041000210350026000620820014000881000021001022450034001232600043001576500018002000000-8771ELIB.Books110520 1988  a(ELIB.Books)0000-8917 a221 bHin aHinson, David F. aTheology of the Old Testament bQuezon City: New Day Publishers c1988 aOld Testament